| Tag |
First Indicator |
Second Indicator |
Subfields |
| LEADER |
00000cam a2200000 a 4500 |
| 001 |
in00002785861 |
| 005 |
20150922145049.0 |
| 008 |
121120s1937 sp afh 001 1 spa c |
| 035 |
|
|
|a (OCoLC)ocn844103783
|
| 035 |
|
|
|a (OCoLC)844103783
|
| 040 |
|
|
|a TXA
|b eng
|c TXA
|d UtOrBLW
|
| 042 |
|
|
|a pcc
|
| 049 |
|
|
|a TXAM
|
| 050 |
|
4 |
|a PQ6324
|b .A1 1937
|
| 100 |
1 |
|
|a Cervantes Saavedra, Miguel de,
|d 1547-1616.
|
| 245 |
1 |
0 |
|a Novelas ejemplares /
|c M. de Cervantes Saavedra ; [ilustraciones de Luis Paret y Alcázar].
|
| 250 |
|
|
|a Ed. ilustrada y seguida de un índice de notas, equivalencias y significaciones.
|
| 264 |
|
1 |
|a Barcelona :
|b Montaner y Simon,
|c [1937]
|
| 264 |
|
4 |
|c ©1937
|
| 300 |
|
|
|a xii, 366 pages, 8 unnumbered pages, 13 unnumbered leaves of plates :
|b illustrations ;
|c 29 cm.
|
| 336 |
|
|
|a text
|b txt
|2 rdacontent
|
| 337 |
|
|
|a unmediated
|b n
|2 rdamedia
|
| 338 |
|
|
|a volume
|b nc
|2 rdacarrier
|
| 500 |
|
|
|a Includes a facsimile reproduction of the title page from the 1613 edition.
|
| 500 |
|
|
|a Errata on last page.
|
| 500 |
|
|
|a Includes indexes.
|
| 505 |
0 |
|
|a La gitanilla -- El amante liberal -- Rinconete y Cortadillo -- La española inglessa -- El licenciado Vidriera -- La fuerza de la sangre -- El celoso estremeño -- La illustre fregona -- Las dos doncellas -- La señora Cornelia -- El casamiento engañoso -- Novela y coloquio que pasó entre Cipió y Berganza -- La tía fingida.
|
| 580 |
|
|
|a Forms part of The Eduardo Urbina Cervantes Project Collection.
|
| 700 |
1 |
|
|a Paret y Alcázar, Luis,
|d 1746-1799,
|e illustrator.
|
| 948 |
|
|
|a cataloged
|b h
|c 2013/5/20
|d o
|e fpiscitelli
|f 3:24:15 pm
|
| 994 |
|
|
|a C0
|b TXA
|
| 999 |
|
|
|a MARS
|
| 999 |
f |
f |
|s 206538f9-1fff-3b91-9064-adfe18aa5fb2
|i b0a2c73c-2e3b-3088-a13d-ac3e64134fbd
|t 0
|
| 952 |
f |
f |
|p noncirc
|a Texas A&M University
|b College Station
|c Cushing Memorial Library & Archives
|d Cushing: Rare Books (Does not check out)
|t 0
|e PQ6324 .A1 1937
|h Library of Congress classification
|i unmediated -- volume
|
| 998 |
f |
f |
|a PQ6324 .A1 1937
|t 0
|l Cushing: Rare Books (Does not check out)
|